[Event "Milton Keynes op"]
[Site "Milton Keynes"]
[Date "2025.06.08"]
[Round "5"]
[White "Balaji, Aaravamudhan"]
[Black "Hebden, Mark"]
[Result "0-1"]
[WhiteElo "2346"]
[BlackElo "2352"]
[PlyCount "188"]
[EventDate "2025.06.07"]
[EventType "swiss"]
[EventRounds "5"]
[EventCountry "ENG"]
[SourceTitle "CB24_2025"]
[SourceDate "2025.06.11"]
[SourceVersion "1"]
[SourceVersionDate "2025.06.11"]
[SourceQuality "1"]

1. d4 Nf6 2. c4 g6 3. Nc3 Bg7 4. e4 d6 5. Be2 0-0 6. Be3 e5 7. d5 Na6 8. g4 Nc5 9. f3 h5 10. g5 Nh7 11. h4 f6 12. Qd2 fxg5 13. hxg5 Rf4 14. b4 Na6 15. a3 Nxg5 16. c5 dxc5 17. bxc5 b6 18. d6 Nxc5 19. dxc7 Qxd2+ 20. Bxd2 Nge6 21. Bxf4 exf4 22. Rc1 Nxc7 23. Bc4+ Be6 24. Bxe6+ N7xe6 25. Rc2 Nd4 26. Rg2 Kf7 27. Nd5 Nce6 28. Ne2 Rc8 29. 0-0 Nxe2+ 30. Rxe2 Rc4 31. Kg2 Bf8 32. Rd1 g5 33. Nb4 Nd4 34. Red2 Bg7 35. Nd3 Nc2 36. Kf2 Ne3 37. Rh1 Bc3 38. Ra2 Bd4 39. Ke2 Kg6 40. Rd2 Bc3 41. Ra2 b5 42. Rg1 Kh6 43. Rb1 a6 44. Rh1 Kg6 45. Rg1 Kf6 46. Rh1 h4 47. Nxf4 gxf4 48. Rxh4 Kg5 49. Rh7 Rc6 50. Kd3 Bf6 51. e5 Kg6 52. Rah2 Bg7 53. R7h4 Rc4 54. Rh1 Bxe5 55. Rh6+ Kf7 56. Rxa6 Rd4+ 57. Ke2 Rd7 58. Rh7+ Bg7 59. Rh5 Nc4 60. Rf5+ Ke7 61. Rxf4 Rd2+ 62. Ke1 Bc3 63. Re4+ Kd7 64. Kf1 Rd6 65. Ra7+ Kc6 66. Ree7 Rd1+ 67. Kg2 Rd2+ 68. Kg3 Be5+ 69. Kg4 Bd6 70. Re1 Bxa3 71. f4 Bc5 72. Ra8 Nd6 73. Rc1 Kd5 74. Rh8 Be3 75. Re1 Bd4 76. Rb8 Bc3 77. Re7 b4 78. Rc7 Rf2 79. Rd8 Bd2 80. Rc2 Rxf4+ 81. Kg3 Rd4 82. Kf3 Bc3 83. Rh2 b3 84. Rb8 Kc4 85. Rh7 b2 86. Ke3 Re4+ 87. Kf3 Re8 88. Rxb2 Bxb2 89. Rd7 Rf8+ 90. Kg4 Be5 91. Ra7 Kd5 92. Ra3 Rg8+ 93. Kh3 Ne4 94. Ra5+ Ke6 0-1

[Event "ENG-ch Seniors 50"]
[Site "Kenilworth"]
[Date "2025.04.28"]
[Round "7"]
[White "Wells, Peter K"]
[Black "Hebden, Mark"]
[Result "1-0"]
[WhiteElo "2350"]
[BlackElo "2383"]
[PlyCount "79"]
[EventDate "2025.04.24"]
[EventType "swiss"]
[EventRounds "7"]
[EventCountry "ENG"]
[SourceTitle "CB18_2025"]
[SourceDate "2025.04.30"]
[SourceVersion "1"]
[SourceVersionDate "2025.04.30"]
[SourceQuality "1"]

1. d4 Nf6 2. c4 g6 3. Nc3 Bg7 4. e4 d6 5. Nf3 0-0 6. Be2 e5 7. Be3 Ng4 8. Bg5 f6 9. Bh4 Nc6 10. d5 Ne7 11. Nd2 Nh6 12. f3 Nf7 13. Bf2 c5 14. h4 Bh6 15. h5 f5 16. Qc2 a6 17. hxg6 hxg6 18. exf5 gxf5 19. g4 b5 20. Bh4 Bg5 21. gxf5 Nxf5 22. Bxg5 Nxg5 23. 0-0-0 Ra7 24. Rdg1 Rg7 25. Nde4 b4 26. Nxg5 bxc3 27. Ne6 cxb2+ 28. Kb1 Bxe6 29. dxe6 Qf6 30. Bd3 Qxe6 31. Be4 Rxg1+ 32. Rxg1+ Kh8 33. Qg2 Qf6 34. Bxf5 Qxf5+ 35. Kxb2 Qh7 36. Rh1 Rf4 37. Rxh7+ Kxh7 38. Kc3 a5 39. a4 Kh6 40. Qd2 1-0

[Event "ENG-ch Seniors 50"]
[Site "Kenilworth"]
[Date "2025.04.26"]
[Round "4"]
[White "Hebden, Mark"]
[Black "Homer, Stephen J"]
[Result "0-1"]
[WhiteElo "2383"]
[BlackElo "2011"]
[PlyCount "152"]
[EventDate "2025.04.24"]
[EventType "swiss"]
[EventRounds "7"]
[EventCountry "ENG"]
[SourceTitle "CB18_2025"]
[SourceDate "2025.04.30"]
[SourceVersion "1"]
[SourceVersionDate "2025.04.30"]
[SourceQuality "1"]

1. d4 d5 2. Nf3 Nf6 3. c4 dxc4 4. e3 b5 5. a4 b4 6. Bxc4 e6 7. 0-0 Be7 8. Nbd2 Bb7 9. a5 a6 10. Ne5 Nbd7 11. Qa4 c5 12. Be2 Qc7 13. Bf3 Rc8 14. dxc5 Bxc5 15. Nb3 0-0 16. Nxd7 Nxd7 17. Bxb7 Qxb7 18. Bd2 Be7 19. Rfd1 Ne5 20. Be1 Rc2 21. Rd2 Rxd2 22. Nxd2 Nd3 23. Nc4 Rd8 24. b3 Nxe1 25. Rxe1 Qd5 26. g3 h5 27. h4 Qe4 28. Qa1 Bf6 29. Qb1 Qf3 30. Qc2 Bc3 31. Qe2 Qxe2 32. Rxe2 Rd1+ 33. Kg2 Rb1 34. Kf3 Rxb3 35. Rc2 Rb1 36. Nd6 Ra1 37. Nc4 Rd1 38. Ke2 Rd5 39. Rc1 e5 40. f3 f5 41. Rd1 Rc5 42. Nd6 Rxa5 43. Nxf5 Ra2+ 44. Kd3 a5 45. Ne7+ Kf7 46. Nd5 Ra3 47. Kc4 Bb2 48. Rb1 Bc3 49. Rd1 e4 50. f4 Bf6 51. f5 Be5 52. Nb6 Rd3 53. Rb1 Rxe3 54. Kd5 Bxg3 55. Nc4 Re1 56. Rb3 Bxh4 57. Nxa5 Be7 58. Nc6 e3 59. Ke4 Bc5 60. Ne5+ Ke8 61. Nd3 Rd1 62. Kf3 Rf1+ 63. Ke2 Rxf5 64. Rb1 g5 65. Rc1 Bd4 66. Rc4 Bc3 67. Kxe3 h4 68. Nxb4 Bxb4 69. Rxb4 Kf7 70. Rb6 h3 71. Rh6 g4 72. Rh4 Rf3+ 73. Ke2 Rg3 74. Kf2 Rg2+ 75. Ke3 Kg6 76. Kf4 h2 0-1

[Event "Daventry 4NCL Easter op"]
[Site "Daventry"]
[Date "2025.04.21"]
[Round "7"]
[White "Siva, Mahadevan"]
[Black "Hebden, Mark"]
[Result "1-0"]
[WhiteElo "2369"]
[BlackElo "2383"]
[PlyCount "69"]
[EventDate "2025.04.18"]
[EventType "swiss"]
[EventRounds "7"]
[EventCountry "ENG"]
[SourceTitle "CB17_2025"]
[SourceDate "2025.04.23"]
[SourceVersion "1"]
[SourceVersionDate "2025.04.23"]
[SourceQuality "1"]

1. d4 Nf6 2. c4 g6 3. Nc3 Bg7 4. e4 d6 5. f3 0-0 6. Be3 c5 7. Nge2 Nc6 8. d5 Ne5 9. Ng3 h5 10. Be2 h4 11. Nf1 e6 12. f4 Nxc4 13. Bxc4 b5 14. Bxb5 exd5 15. e5 d4 16. exf6 Bxf6 17. Nd5 Rb8 18. Qa4 h3 19. Bd2 hxg2 20. Rg1 gxf1Q+ 21. Kxf1 Bg7 22. Rg5 Bb7 23. Ba5 Qxg5 24. fxg5 Bxd5 25. Bc7 Rb7 26. Bxd6 Rd8 27. Bxc5 Bf3 28. Bc6 Rc7 29. Bxf3 Rxc5 30. Qxa7 Rf5 31. Qc7 Re8 32. Qc6 Re6 33. Qa8+ Kh7 34. Re1 Rd6 35. Re4 1-0

[Event "WchT Seniors 50"]
[Site "Prague"]
[Date "2025.02.18"]
[Round "2.3"]
[White "Nordenbaek, Jan"]
[Black "Hebden, Mark"]
[Result "0-1"]
[WhiteElo "2192"]
[BlackElo "2363"]
[PlyCount "98"]
[EventDate "2025.02.17"]
[EventType "team-swiss"]
[EventRounds "9"]
[EventCountry "CZE"]
[SourceTitle "CB09_2025"]
[SourceDate "2025.02.27"]
[SourceVersion "1"]
[SourceVersionDate "2025.02.27"]
[SourceQuality "1"]
[WhiteTeam "Denmark (50)"]
[BlackTeam "England 50"]
[WhiteTeamCountry "DEN"]
[BlackTeamCountry "ENG"]

1. e4 e5 2. Nf3 Nc6 3. Bc4 Nf6 4. d4 exd4 5. e5 Ne4 6. Qe2 Nc5 7. 0-0 Ne6 8. Rd1 d5 9. exd6 Bxd6 10. Bg5 Qd7 11. c3 0-0 12. Bxe6 Qxe6 13. Qxe6 Bxe6 14. Nxd4 Nxd4 15. cxd4 h6 16. Be3 Rfe8 17. Nc3 Bd7 18. Rac1 a6 19. d5 Rad8 20. Rd2 Re7 21. h4 Rde8 22. Rdd1 f5 23. Re1 Kf7 24. Bd2 Kf6 25. Rxe7 Rxe7 26. g3 g5 27. hxg5+ hxg5 28. Kg2 c5 29. Rh1 Kg6 30. Rh8 Re8 31. Rxe8 Bxe8 32. f4 g4 33. Nd1 Bb5 34. Ne3 Bd3 35. Bc3 c4 36. Bd4 b5 37. Kf2 Kf7 38. Ke1 Bb4+ 39. Kd1 Ke7 40. Be5 Kd7 41. a3 Bc5 42. Kd2 Be4 43. a4 bxa4 44. Bc3 Bd3 45. Ba5 a3 46. bxa3 Bxa3 47. Kc3 Bc5 48. Nxc4 Bxc4 49. Kxc4 Bf2 0-1

[Event "Blackpool op 48th"]
[Site "Blackpool"]
[Date "2025.02.09"]
[Round "5"]
[White "Hebden, Mark"]
[Black "Sarakauskas, Gediminas"]
[Result "1-0"]
[WhiteElo "2363"]
[BlackElo "2323"]
[PlyCount "97"]
[EventDate "2025.02.07"]
[EventType "swiss"]
[EventRounds "5"]
[EventCountry "ENG"]
[SourceTitle "CB07_2025"]
[SourceDate "2025.02.12"]
[SourceVersion "1"]
[SourceVersionDate "2025.02.12"]
[SourceQuality "1"]

1. d4 d5 2. Nf3 Nf6 3. Bf4 c6 4. e3 Nh5 5. Bg5 h6 6. Bh4 g5 7. Ne5 Nf6 8. Bg3 Qb6 9. Qc1 Ne4 10. c4 e6 11. Bd3 Nxg3 12. hxg3 Nd7 13. f4 Nxe5 14. fxe5 c5 15. cxd5 cxd4 16. Qc4 Qb4+ 17. Qxb4 Bxb4+ 18. Ke2 dxe3 19. d6 Bd7 20. Nc3 Bxc3 21. bxc3 Rc8 22. Rab1 b6 23. Rb4 Rc5 24. Re4 Ra5 25. Bc4 Ra4 26. Kd3 b5 27. Bb3 Rxe4 28. Kxe4 Bc6+ 29. Kxe3 Bxg2 30. Rh2 Bc6 31. g4 Kf8 32. c4 bxc4 33. Bxc4 Kg7 34. Rc2 Ba4 35. Rb2 Bc6 36. Rc2 Ba4 37. Bb3 Bxb3 38. axb3 Rb8 39. b4 f6 40. Rc7+ Kg6 41. d7 Rd8 42. Ke4 a6 43. Kd4 f5 44. Kc5 fxg4 45. Kd6 Kf5 46. Rc1 g3 47. Rf1+ Ke4 48. Kxe6 g2 49. Re1+ 1-0

[Event "Blackpool op 48th"]
[Site "Blackpool"]
[Date "2025.02.08"]
[Round "2"]
[White "Jaunooby, Ali Reza"]
[Black "Hebden, Mark"]
[Result "0-1"]
[WhiteElo "2068"]
[BlackElo "2363"]
[PlyCount "81"]
[EventDate "2025.02.07"]
[EventType "swiss"]
[EventRounds "5"]
[EventCountry "ENG"]
[SourceTitle "CB07_2025"]
[SourceDate "2025.02.12"]
[SourceVersion "1"]
[SourceVersionDate "2025.02.12"]
[SourceQuality "1"]

1. d4 Nf6 2. c4 g6 3. f3 Bg7 4. e4 d6 5. Be3 0-0 6. Nc3 c5 7. d5 e6 8. Qd2 exd5 9. cxd5 Re8 10. Be2 a6 11. a4 Qa5 12. Ra3 Qc7 13. Bc4 Nbd7 14. Nge2 Ne5 15. Ba2 b6 16. Nd1 Nh5 17. 0-0 Bd7 18. h3 b5 19. f4 Nc4 20. Bxc4 bxc4 21. Ndc3 f5 22. e5 dxe5 23. d6 Qc6 24. Qd5+ Qxd5 25. Nxd5 exf4 26. Nexf4 Nxf4 27. Rxf4 Bxb2 28. Bxc5 Rac8 29. Bb4 a5 30. Ra2 Be5 31. Bd2 c3 32. Bc1 Kf7 33. Nb6 Rcd8 34. Rh4 h5 35. Bg5 Be6 36. Re2 Bxd6 37. Bxd8 Rxd8 38. Rxe6 Kxe6 39. Rc4 Be5 40. Kf1 Rd6 41. Nc8 0-1

[Event "BCF-chT 2425 (4NCL)"]
[Site "England"]
[Date "2025.01.25"]
[Round "3.51"]
[White "Hebden, Mark"]
[Black "Parker, Jonathan"]
[Result "1-0"]
[WhiteElo "2369"]
[BlackElo "2526"]
[PlyCount "87"]
[EventDate "2024.11.23"]
[EventType "team-swiss"]
[EventRounds "11"]
[EventCountry "ENG"]
[SourceTitle "CB14_2025"]
[SourceDate "2024.11.01"]
[SourceVersion "1"]
[SourceVersionDate "2024.11.01"]
[SourceQuality "1"]
[WhiteTeam "Cheddleton"]
[BlackTeam "Barbican"]
[WhiteTeamCountry "ENG"]
[BlackTeamCountry "ENG"]

1. d4 Nf6 2. Nf3 e6 3. Bg5 h6 4. Bh4 c5 5. e3 Be7 6. c3 b6 7. Nbd2 0-0 8. Rc1 Bb7 9. Bd3 d5 10. 0-0 Nbd7 11. Qe2 Ne4 12. Bxe7 Qxe7 13. Rfd1 Rfd8 14. Ne5 Ndf6 15. Bb1 Rac8 16. Nf1 a6 17. f3 Nd6 18. g4 Nd7 19. Ng3 Nf8 20. Re1 Rc7 21. Rcd1 a5 22. Qf2 Qe8 23. f4 f6 24. Nf3 Rf7 25. h4 Ne4 26. Qg2 Nh7 27. Nd2 f5 28. g5 hxg5 29. hxg5 Nf8 30. Nf3 g6 31. Ne5 Rh7 32. Bxe4 dxe4 33. dxc5 bxc5 34. Rxd8 Qxd8 35. Qe2 Qc8 36. Rd1 Ba6 37. c4 a4 38. Rd6 a3 39. b3 Bb7 40. Qd2 Qc7 41. Rd8 Kg7 42. Qd6 Qxd6 43. Rxd6 Rh8 44. Rd8 1-0

[Event "Huddersfield 4NCL op 32nd"]
[Site "Huddersfield"]
[Date "2025.01.18"]
[Round "2"]
[White "Hebden, Mark"]
[Black "Ackley, Peter JE"]
[Result "1-0"]
[WhiteElo "2369"]
[BlackElo "1974"]
[PlyCount "53"]
[EventDate "2025.01.17"]
[EventType "swiss"]
[EventRounds "5"]
[EventCountry "ENG"]
[SourceTitle "CB04_2025"]
[SourceDate "2025.01.22"]
[SourceVersion "1"]
[SourceVersionDate "2025.01.22"]
[SourceQuality "1"]

1. d4 d6 2. e4 Nf6 3. Nc3 g6 4. Nf3 Bg7 5. Be3 c6 6. h3 0-0 7. Qd2 Qc7 8. a4 Nbd7 9. Bd3 b6 10. 0-0 a6 11. Ne2 Bb7 12. Ng3 c5 13. c3 c4 14. Bc2 e5 15. Bh6 Rfe8 16. Rfe1 Bh8 17. Ng5 Bg7 18. Bxg7 Kxg7 19. f4 exd4 20. cxd4 Rac8 21. Ra3 h6 22. Nf3 b5 23. a5 Re7 24. e5 dxe5 25. fxe5 Nd5 26. Nh4 Re6 27. Rf3 1-0

[Event "Huddersfield 4NCL op 32nd"]
[Site "Huddersfield"]
[Date "2025.01.18"]
[Round "3"]
[White "Larchikov, Maksym"]
[Black "Hebden, Mark"]
[Result "1/2-1/2"]
[WhiteElo "2050"]
[BlackElo "2369"]
[PlyCount "256"]
[EventDate "2025.01.17"]
[EventType "swiss"]
[EventRounds "5"]
[EventCountry "ENG"]
[SourceTitle "CB04_2025"]
[SourceDate "2025.01.22"]
[SourceVersion "1"]
[SourceVersionDate "2025.01.22"]
[SourceQuality "1"]

1. d4 Nf6 2. c4 g6 3. Nc3 Bg7 4. Nf3 0-0 5. g3 d6 6. Bg2 c5 7. 0-0 Nc6 8. dxc5 dxc5 9. Be3 b6 10. Ne5 Nxe5 11. Qxd8 Rxd8 12. Bxa8 Bh3 13. Bg2 Bxg2 14. Kxg2 Nxc4 15. Bc1 Ne8 16. Rd1 Ned6 17. Nd5 Kf8 18. Rb1 Nf5 19. b3 Ncd6 20. Bb2 Bxb2 21. Rxb2 Ne4 22. Nc3 Rd6 23. Rxd6 Nexd6 24. Rd2 h5 25. e3 e6 26. h3 Ke7 27. g4 hxg4 28. hxg4 Nh4+ 29. Kg3 g5 30. f3 f6 31. Kf2 Ng6 32. e4 a6 33. Ke3 b5 34. Rd1 Nf7 35. Rc1 Nge5 36. Nxb5 axb5 37. Rxc5 b4 38. Rc7+ Kd6 39. Rb7 Kc5 40. Rc7+ Kb6 41. Rc8 Nd6 42. Rf8 Nd7 43. Rd8 Kc7 44. Ra8 Nb8 45. a3 Kb7 46. Ra4 bxa3 47. Rxa3 Nc6 48. Ra1 Kc7 49. Rh1 e5 50. Ra1 Nb5 51. Ra8 Kd7 52. Ra6 Nbd4 53. b4 Kc7 54. Ra8 Kd6 55. Ra6 Kd7 56. Kf2 Kc7 57. Ra8 Nb8 58. Ra7+ Kc6 59. Ra8 Kb7 60. Ra1 Nd7 61. Rh1 Kc7 62. Ra1 Nb6 63. Ra7+ Kd6 64. Ra6 Kc6 65. Ra7 Nb5 66. Ra5 Nd7 67. Ra8 Kb7 68. Rd8 Kc7 69. Ra8 Nd4 70. Ra7+ Kc8 71. Ra8+ Kb7 72. Rd8 Kc7 73. Ra8 Nc6 74. b5 Nd4 75. Ra7+ Kc8 76. Ra5 Kb7 77. Ke3 Nc5 78. b6 Kxb6 79. Ra8 Kc7 80. Rf8 Nd7 81. Re8 Kd6 82. Ra8 Nc5 83. Ra7 Nc6 84. Ra8 Ne6 85. Ra6 Nc7 86. Rb6 Kd7 87. Rb7 Nd4 88. Rb8 Ne8 89. Rb7+ Ke6 90. Ra7 Nc2+ 91. Kd3 Nb4+ 92. Ke3 Nd6 93. Rc7 Nb5 94. Rb7 Nd4 95. Ra7 Nbc6 96. Rb7 Na5 97. Rc7 Kd6 98. Rf7 Nc4+ 99. Kd3 Nb2+ 100. Kd2 Ke6 101. Rc7 Kd6 102. Rf7 Nc4+ 103. Kd3 Ke6 104. Rh7 Nd6 105. Ke3 Nf7 106. Rg7 Ke7 107. Kf2 Ne6 108. Rg8 Nfd8 109. Rh8 Nf8 110. Rh1 Ng6 111. Ra1 Nh4 112. Ra7+ Kd6 113. Ra6+ Ke7 114. Ra7+ Ke6 115. Ra6+ Kf7 116. Ra7+ Kg6 117. Ra6 Nb7 118. Rc6 Na5 119. Rc3 Kf7 120. Ke2 Ke6 121. Ra3 Nc6 122. Ra6 Kd7 123. Ke3 Kc7 124. Ra8 Kd7 125. Ra6 Nd4 126. Ra7+ Ke6 127. Ra6+ Kf7 128. Ra7+ Kg6 1/2-1/2

[Event "Sutton Coldfield Escott Memorial op"]
[Site "Sutton Coldfield"]
[Date "2024.12.15"]
[Round "4"]
[White "Hebden, Mark"]
[Black "Nawalaniec, Adam"]
[Result "0-1"]
[WhiteElo "2373"]
[BlackElo "2138"]
[PlyCount "94"]
[EventDate "2024.12.14"]
[EventType "swiss"]
[EventRounds "5"]
[EventCountry "ENG"]
[SourceTitle "CB51_2024"]
[SourceDate "2024.12.18"]
[SourceVersion "1"]
[SourceVersionDate "2024.12.18"]
[SourceQuality "1"]

1. e4 c5 2. Nf3 d6 3. d4 cxd4 4. Nxd4 Nf6 5. Nc3 a6 6. Bg5 e6 7. f4 Be7 8. Qf3 Qc7 9. 0-0-0 Nbd7 10. g4 h6 11. Bxf6 Bxf6 12. h4 Nb6 13. Be2 Bd7 14. Rhg1 Na4 15. Nxa4 Bxa4 16. Qa3 b5 17. e5 dxe5 18. fxe5 Bxe5 19. b3 Qc3 20. Qb2 Bxd4 21. Rxd4 Qe3+ 22. Kb1 Qxg1+ 23. Rd1 Qe3 24. Qxg7 Rf8 25. Bd3 Bxb3 26. axb3 0-0-0 27. Qc3+ Kb8 28. Qc6 Qa7 29. Rf1 Qb7 30. Qc5 Qc7 31. Qe3 Rh8 32. Be4 Rd6 33. Bg2 Rhd8 34. Bf3 Rd2 35. Rc1 R2d4 36. Rf1 Qf4 37. Qc3 Rc8 38. Qe1 Rc7 39. Qa5 Qd6 40. Qe1 Ka7 41. Qe3 Qf4 42. Qg1 Qd2 43. Be4 Kb8 44. Qh1 Qe2 45. Re1 Qxg4 46. h5 Qf4 47. Bd3 Qd2 0-1

[Event "Darlington Northumbria op"]
[Site "Darlington"]
[Date "2024.08.25"]
[Round "7"]
[White "Fellowes, Billy"]
[Black "Hebden, Mark"]
[Result "1/2-1/2"]
[WhiteElo "2006"]
[BlackElo "2385"]
[PlyCount "90"]
[EventDate "2024.08.22"]
[EventType "swiss"]
[EventRounds "9"]
[EventCountry "ENG"]
[SourceTitle "CBM 221 Extra"]
[Source "ChessBase"]
[SourceDate "2024.09.30"]
[SourceVersion "1"]
[SourceVersionDate "2024.09.30"]
[SourceQuality "1"]

1. e4 e5 2. Nf3 Nc6 3. Bc4 Nf6 4. d3 Be7 5. Nc3 d6 6. h3 Na5 7. 0-0 0-0 8. Re1 c6 9. Bg5 h6 10. Bxf6 Bxf6 11. Qd2 b5 12. Bb3 a6 13. Ne2 Kh7 14. Ng3 g6 15. Rad1 Bg7 16. Nh2 Nxb3 17. axb3 a5 18. c3 Be6 19. Qc2 a4 20. bxa4 bxa4 21. Ra1 Qb6 22. Ra3 Rfb8 23. Rea1 Bb3 24. Qd2 d5 25. Re1 dxe4 26. Rxe4 Rd8 27. Rh4 Rd7 28. Ng4 Qd8 29. Rxh6+ Kg8 30. Ne4 Be6 31. c4 Rd4 32. Qe3 Qe7 33. g3 Rxe4 34. dxe4 Qb4 35. Rh4 Bxg4 36. hxg4 Qxb2 37. Kg2 Bf8 38. c5 Qd4 39. Qf3 Qxc5 40. Ra1 a3 41. g5 Bg7 42. Rah1 Qe7 43. Ra1 Qb4 44. Rah1 Qe7 45. Ra1 Qb4 1/2-1/2

[Event "Darlington Northumbria op"]
[Site "Darlington"]
[Date "2024.08.25"]
[Round "8"]
[White "Hebden, Mark"]
[Black "Armstrong, Malcolm J"]
[Result "1-0"]
[WhiteElo "2385"]
[BlackElo "2006"]
[PlyCount "83"]
[EventDate "2024.08.22"]
[EventType "swiss"]
[EventRounds "9"]
[EventCountry "ENG"]
[SourceTitle "CBM 221 Extra"]
[Source "ChessBase"]
[SourceDate "2024.09.30"]
[SourceVersion "1"]
[SourceVersionDate "2024.09.30"]
[SourceQuality "1"]

1. d4 d5 2. c4 c6 3. cxd5 cxd5 4. Bf4 Nc6 5. e3 e6 6. Nc3 Bd6 7. Bxd6 Qxd6 8. f4 Nf6 9. Bd3 0-0 10. Nf3 Bd7 11. 0-0 Rac8 12. Ne5 Be8 13. Rf3 g6 14. Rh3 Qe7 15. g4 Nxe5 16. dxe5 Nd7 17. g5 Nxe5 18. fxe5 Qxg5+ 19. Rg3 Qxe5 20. Qg4 f5 21. Qd4 Qxd4 22. exd4 Kg7 23. Re1 Kf6 24. Rge3 Bf7 25. a3 Rfd8 26. h4 h6 27. Kf2 g5 28. Re5 b6 29. Ke2 Rg8 30. Kd2 gxh4 31. Nxd5+ exd5 32. Rxf5+ Kg7 33. Re7 Rgf8 34. Rxa7 Kg8 35. Rf6 Bh5 36. Bh7+ Kh8 37. Rxh6 Rf2+ 38. Ke1 Re2+ 39. Kd1 Re5+ 40. Kd2 Re2+ 41. Kd3 Rcc2 42. Be4+ 1-0

[Event "ENG-ch Seniors 50"]
[Site "Kenilworth"]
[Date "2024.05.27"]
[Round "6"]
[White "Brett, Andrew"]
[Black "Hebden, Mark"]
[Result "1/2-1/2"]
[WhiteElo "2044"]
[BlackElo "2395"]
[PlyCount "112"]
[EventDate "2024.05.24"]
[EventType "swiss"]
[EventRounds "7"]
[EventCountry "ENG"]
[SourceTitle "CBM 220 Extra"]
[Source "ChessBase"]
[SourceDate "2024.07.31"]
[SourceVersion "1"]
[SourceVersionDate "2024.07.31"]
[SourceQuality "1"]

1. d4 Nf6 2. c4 g6 3. Nc3 Bg7 4. e4 d6 5. Be2 0-0 6. Nf3 Nbd7 7. 0-0 e5 8. Re1 Re8 9. Bf1 h6 10. h3 exd4 11. Nxd4 Nc5 12. f3 c6 13. Be3 Nh7 14. Qd2 Qh4 15. Bf2 Qe7 16. Rad1 Ng5 17. Nde2 Bf8 18. h4 Nh7 19. h5 Be6 20. b3 Rad8 21. hxg6 fxg6 22. Be3 Ng5 23. Ng3 Bg7 24. b4 Na6 25. a3 Nf7 26. Bxa7 c5 27. Nb5 Nc7 28. Qf2 Nxb5 29. cxb5 Rc8 30. bxc5 dxc5 31. f4 Bb3 32. Rd2 Qc7 33. b6 Qc6 34. e5 Bd5 35. Bd3 Rf8 36. Qe2 c4 37. Be4 Bxe4 38. Nxe4 Qe6 39. Rc1 g5 40. Nd6 gxf4 41. Nxc8 Rxc8 42. Qe4 c3 43. Rd3 Nxe5 44. Rdxc3 Rxc3 45. Rxc3 Qd7 46. Rc1 f3 47. gxf3 Qh3 48. Qd5+ Kh8 49. Rc7 Nxf3+ 50. Kf2 Qh2+ 51. Ke3 Qg1+ 52. Ke4 Qe1+ 53. Kf5 Nd4+ 54. Kg4 Qe2+ 55. Kh3 Qd3+ 56. Kg2 Qe2+ 1/2-1/2

[Event "Peterborough 4NCL Easter op-A"]
[Site "Peterborough"]
[Date "2024.03.31"]
[Round "5"]
[White "Clarke, Connor"]
[Black "Hebden, Mark"]
[Result "0-1"]
[WhiteElo "1978"]
[BlackElo "2386"]
[PlyCount "70"]
[EventDate "2024.03.29"]
[EventType "swiss"]
[EventRounds "7"]
[EventCountry "ENG"]
[SourceTitle "CBM 219 Extra"]
[Source "ChessBase"]
[SourceDate "2024.05.31"]
[SourceVersion "1"]
[SourceVersionDate "2024.05.31"]
[SourceQuality "1"]

1. d4 Nf6 2. Nc3 d5 3. Bf4 g6 4. e3 Bg7 5. h4 h5 6. Nf3 0-0 7. Qd2 c5 8. Ne5 cxd4 9. exd4 Nc6 10. f3 Bf5 11. Bb5 Nxe5 12. dxe5 Nd7 13. 0-0-0 Nxe5 14. Rhe1 d4 15. Bxe5 Bxe5 16. Rxe5 dxc3 17. Qxc3 Qb6 18. g4 Rac8 19. Bc4 hxg4 20. f4 Rxc4 21. Qxc4 Rc8 22. Qe2 Rxc2+ 23. Qxc2 Bxc2 24. Kxc2 Qf2+ 25. Rd2 Qxf4 26. Rxe7 Qf5+ 27. Kd1 Qb1+ 28. Ke2 Qxa2 29. Re4 a5 30. b4 Qb3 31. Rxg4 a4 32. Rf4 b5 33. Rfd4 a3 34. R2d3 Qb2+ 35. Rd2 Qb1 0-1

[Event "British Rapidplay"]
[Site "Peterborough"]
[Date "2024.03.03"]
[Round "8"]
[White "Eckersley Waites, Tom"]
[Black "Hebden, Mark"]
[Result "1-0"]
[WhiteElo "2302"]
[BlackElo "2386"]
[PlyCount "61"]
[EventDate "2024.03.02"]
[EventType "swiss (rapid)"]
[EventRounds "11"]
[EventCountry "ENG"]
[SourceTitle "CBM 219 Extra"]
[Source "ChessBase"]
[SourceDate "2024.05.31"]
[SourceVersion "1"]
[SourceVersionDate "2024.05.31"]
[SourceQuality "1"]

1. e4 e5 2. Nf3 Nc6 3. d4 exd4 4. Nxd4 Nf6 5. Nxc6 bxc6 6. e5 Qe7 7. Qe2 Nd5 8. c4 Nb6 9. Nc3 Ba6 10. Qe4 Qe6 11. b3 Bb4 12. Bd2 Bxc3 13. Bxc3 d5 14. Qh4 dxc4 15. Rc1 Qg6 16. g3 0-0 17. Be2 c5 18. 0-0 Bb7 19. bxc4 Rfe8 20. Ba1 Nd7 21. f4 Qe4 22. Kf2 f6 23. Rc3 Qg2+ 24. Ke1 fxe5 25. Re3 Nf8 26. f5 Rad8 27. f6 Rd7 28. fxg7 Rxg7 29. Rxe5 Rb8 30. Re7 Rg6 31. Qh6 1-0

[Event "British Rapidplay"]
[Site "Peterborough"]
[Date "2024.03.03"]
[Round "11"]
[White "Hebden, Mark"]
[Black "Boswell, Jacob Connor"]
[Result "0-1"]
[WhiteElo "2386"]
[BlackElo "2254"]
[PlyCount "102"]
[EventDate "2024.03.02"]
[EventType "swiss (rapid)"]
[EventRounds "11"]
[EventCountry "ENG"]
[SourceTitle "CBM 219 Extra"]
[Source "ChessBase"]
[SourceDate "2024.05.31"]
[SourceVersion "1"]
[SourceVersionDate "2024.05.31"]
[SourceQuality "1"]

1. d4 Nf6 2. Bg5 d5 3. e3 c5 4. Bxf6 gxf6 5. dxc5 e6 6. Bb5+ Bd7 7. Bxd7+ Qxd7 8. Nc3 Bxc5 9. Qh5 Qc7 10. Nge2 Qe5 11. Qxe5 fxe5 12. e4 d4 13. Nb5 Kd7 14. c3 d3 15. Nc1 Kc6 16. a4 Rd8 17. Kd2 Bxf2 18. Nxd3 Bh4 19. Ke2 Nd7 20. Rhf1 f6 21. g3 Bg5 22. Rad1 a6 23. Nb4+ Kb6 24. Rd6+ Ka5 25. Nd3 axb5 26. b4+ Kxa4 27. h4 Bh6 28. Rxd7 Rxd7 29. Nc5+ Ka3 30. Nxd7 Kb3 31. Rxf6 Ra2+ 32. Kf3 Bd2 33. Rxe6 Bxc3 34. Rb6 Kxb4 35. Rxb7 Kc4 36. Rc7+ Kd3 37. Nc5+ Kc2 38. Rxh7 Bd4 39. Ne6 Ra3+ 40. Kg4 b4 41. Rb7 b3 42. Rc7+ Bc3 43. Rb7 b2 44. Nc5 Bd4 45. Rxb2+ Kxb2 46. Nd7 Re3 47. h5 Rxe4+ 48. Kf5 Re1 49. g4 e4 50. Kf4 e3 51. Kf3 Rf1+ 0-1

[Event "British Rapidplay"]
[Site "Peterborough"]
[Date "2024.03.03"]
[Round "9"]
[White "Hebden, Mark"]
[Black "Jermy, Jaden"]
[Result "1-0"]
[WhiteElo "2386"]
[BlackElo "2024"]
[PlyCount "71"]
[EventDate "2024.03.02"]
[EventType "swiss (rapid)"]
[EventRounds "11"]
[EventCountry "ENG"]
[SourceTitle "CBM 219 Extra"]
[Source "ChessBase"]
[SourceDate "2024.05.31"]
[SourceVersion "1"]
[SourceVersionDate "2024.05.31"]
[SourceQuality "1"]

1. d4 d5 2. c4 e6 3. Nc3 Nf6 4. Bg5 Be7 5. e3 0-0 6. Rc1 b6 7. cxd5 exd5 8. Bd3 Ba6 9. Bb1 Nbd7 10. Nge2 Bb7 11. 0-0 Rc8 12. Bf5 Ne4 13. Nxe4 dxe4 14. Bxe7 Qxe7 15. Qa4 c6 16. Qxa7 Rc7 17. Bxd7 Qb4 18. a3 Qxb2 19. Bg4 Ra8 20. Rb1 Rxa7 21. Rxb2 b5 22. Ra1 g6 23. Nc3 f5 24. Be2 Ba6 25. h4 Kf7 26. a4 bxa4 27. Bxa6 Rxa6 28. Rxa4 Rxa4 29. Nxa4 Ra7 30. Nc5 Ra1+ 31. Kh2 h6 32. Rb7+ Kf6 33. Rc7 g5 34. Rxc6+ Kg7 35. Ne6+ Kg6 36. Nxg5+ 1-0